| 000 | 01241cam a22003495a 4500 | ||
|---|---|---|---|
| 001 | 16973494 | ||
| 005 | 20150524133335.0 | ||
| 008 | 110921t2012 moua frbd 001 0 eng d | ||
| 020 | _a9780323078917 | ||
| 040 |
_aDNLM/DLC _beng _cDLC _dEG-ScBUE |
||
| 082 | 0 | 4 |
_a616.07 _bUND _222 |
| 245 | 0 | 0 |
_aUnderstanding pathophysiology / _c[edited by] Sue E. Huether, Kathryn L. McCance ; section editors, Valentina L. Brashers, Neal S. Rote. |
| 250 | _a5th ed. | ||
| 260 |
_aMissouri : _bMosby / Elsevier, _cc.2012. |
||
| 300 |
_axxiv, 1159 p. : _bill. (col.) ; _c28 cm. |
||
| 500 | _aIndex : p. 1100-1159. | ||
| 500 | _aGlossary : p. 1085-1099. | ||
| 504 | _aIncludes bibliographical references. | ||
| 650 | 0 |
_aPhysiology, Pathological. _2BUEsh |
|
| 650 | 0 |
_aNurses. _2BUEsh |
|
| 650 | 1 | 2 |
_aPathology _vNurses' Instruction. _2BUEsh _936706 |
| 650 | 2 | 2 |
_aDisease _vNurses' Instruction. _2BUEsh |
| 650 | 2 | 2 |
_aPhysiology _vNurses' Instruction. _2BUEsh _937660 |
| 651 | _2BUEsh | ||
| 653 |
_bPPhrm _cMay2015 |
||
| 655 |
_vreading book _934232 |
||
| 700 | 1 |
_aHuether, Sue E., _eeditor. |
|
| 700 | 1 |
_aMcCance, Kathryn L., _eeditor. |
|
| 700 | 1 |
_aBrashers, Valentina L., _eeditor. |
|
| 700 | 1 |
_aRote, Neal S., _eeditor. |
|
| 942 |
_2ddc _k616.07 UND |
||
| 999 |
_c19416 _d19388 |
||